|
|
|
|
| LEADER |
00000nam0a2200000 4500 |
| 001 |
331575 |
| 005 |
20231102004353.0 |
| 035 |
|
|
|a (RuTPU)RU\TPU\book\357416
|
| 090 |
|
|
|a 331575
|
| 100 |
|
|
|a 20170427d1965 m y0rusy50 ca
|
| 101 |
0 |
|
|a rus
|
| 102 |
|
|
|a RU
|
| 105 |
|
|
|a a j 001zy
|
| 200 |
1 |
|
|a Топливо и топливное хозяйство металлургических заводов
|e учебное пособие
|f И. Д. Семикин, С. И. Аверин, И. И. Радченко
|
| 210 |
|
|
|a Москва
|c Металлургия
|d 1965
|
| 215 |
|
|
|a 391 с.
|c ил.
|
| 320 |
|
|
|a Библиогр.: с. 380-383
|
| 606 |
1 |
|
|a Металлургические заводы
|x Топливное хозяйство
|2 stltpush
|3 (RuTPU)RU\TPU\subj\42842
|9 62459
|
| 610 |
1 |
|
|a топливо
|
| 610 |
1 |
|
|a теория горения
|
| 610 |
1 |
|
|a состав
|
| 610 |
1 |
|
|a теплота
|
| 610 |
1 |
|
|a виды
|
| 610 |
1 |
|
|a воздух
|
| 610 |
1 |
|
|a продукты сгорания
|
| 610 |
1 |
|
|a температура
|
| 610 |
1 |
|
|a расчеты
|
| 610 |
1 |
|
|a газовые горелки
|
| 610 |
1 |
|
|a конструкции
|
| 610 |
1 |
|
|a учебные пособия
|
| 675 |
|
|
|a 669.013.7(075.8)
|v 4
|
| 700 |
|
1 |
|a Семикин
|b И. Д.
|g Иосиф Данилович
|
| 701 |
|
1 |
|a Аверин
|b С. И.
|g Сергей Иванович
|
| 701 |
|
1 |
|a Радченко
|b И. И.
|g Ирина Ивановна
|
| 801 |
|
1 |
|a RU
|b 63413507
|c 20170427
|
| 801 |
|
2 |
|a RU
|b 63413507
|c 20170428
|g RCR
|
| 942 |
|
|
|c BK
|